| 000 | 00949cam a2200289 a 4500 | ||
|---|---|---|---|
| 001 | 74800 | ||
| 005 | 20230410124048.0 | ||
| 008 | 970523s1997 paua b 001 0 eng | ||
| 035 | _9(DLC) 97060882 | ||
| 035 | _a4965489 | ||
| 942 |
_2lcc _cbk |
||
| 010 | _a97060882 | ||
| 020 | _a1566765374 | ||
| 040 |
_aDLC _cDLC _dDLC |
||
| 043 | _an-us--- | ||
| 050 | 1 | 4 |
_aLC 3981 _bS741 1997 |
| 245 | 0 | 0 |
_aSpecial and compensatory programs : _bthe administrator's role / _cFloyd Boschee ... [et al.]. |
| 260 |
_aLancaster, Pa. : _bTechnomic Pub. Co., _cc1997. |
||
| 300 |
_axv, 278 p. : _bill. ; _c24 cm. |
||
| 504 | _aIncludes bibliographical references and index. | ||
| 650 | 0 |
_aSpecial education _zUnited States _xAdministration. |
|
| 650 | 0 |
_aCompensatory education _zUnited States _xAdministration. |
|
| 650 | 0 |
_aEducational planning _zUnited States. |
|
| 700 | 1 | _aBoschee, Floyd. | |
| 920 | _a**LC HAS REQ'D # OF SHELF COPIES** | ||
| 922 | _aad | ||
| 999 |
_c70211 _d70211 |
||